| 000 | 00530cam a2200193 a 4500 | ||
|---|---|---|---|
| 001 | 000019009 | ||
| 003 | UkOxU | ||
| 005 | 20200929165912.0 | ||
| 008 | 500101s1972 xxc 000 1 eng d | ||
| 020 | _a0771008228 | ||
| 040 |
_aDO-SdBNP _beng _cNLC _dBNPHU |
||
| 082 |
_aD0502309080 _bA887s |
||
| 100 | 1 |
_aAtwood, Margaret, _d1939- _96207 |
|
| 245 | 1 | 0 |
_aSurfacing / _cMargaret Atwood. |
| 260 |
_aToronto : _bMcCleWildwood House, _c1972. |
||
| 300 |
_a192 p. ; _c21 cm. |
||
| 910 | _aCatalogación derivada /Oxford | ||
| 049 | _aBNGR | ||
| 999 |
_c18527 _d18527 |
||